[Event "23rd European Teams"]
[Site "Terme Catez SLO"]
[Date "2021.11.16"]
[Round "5.4"]
[Board "1"]
[White "Giri, Anish"]
[Black "Indjic, Aleksandar"]
[Result "1/2-1/2"]
[WhiteTitle "GM"]
[BlackTitle "GM"]
[WhiteElo "2774"]
[BlackElo "2612"]
[WhiteTeam "Netherlands"]
[BlackTeam "Serbia"]
[WhiteFideId "24116068"]
[BlackFideId "911925"]
[EventDate "2021.11.12"]

1. d4 Nf6 2. c4 e6 3. Nf3 d5 4. Nc3 Nbd7 5. cxd5 exd5 6. Qc2 c6 7. Bg5 Be7 8. e3
Nh5 9. Bxe7 Qxe7 10. O-O-O Nb6 11. Bd3 Bg4 12. Kb1 g6 13. Rc1 Bxf3 14. gxf3 Qh4
15. Rcg1 Ng7 16. Rg4 Qe7 17. f4 f5 18. Rg2 Qh4 19. Ne2 Nd7 20. Ng1 O-O-O 21. Rg5
Ne6 22. Nf3 Qh6 23. Rgg1 Qf8 24. h4 Kb8 25. h5 Qf6 26. b4 Rc8 27. a3 Ng7 28. Ne5
Nxe5 29. fxe5 Qf7 30. hxg6 hxg6 31. f4 Ne6 32. Qg2 Rxh1 33. Rxh1 a6 34. Rh6 Rg8
35. Qh2 Ka7 36. Kb2 Rg7 37. Bc2 Nf8 38. Qh4 Qe7 39. Qxe7 Rxe7 40. Rh8 Rf7 41.
Rg8 Kb6 42. a4 Kc7 43. b5 a5 44. Bd3 Kd7 45. Rh8 Ke8 46. Rh2 Rc7 47. bxc6 bxc6
48. Kc3 Rb7 49. Rb2 Rxb2 50. Kxb2 Ne6 51. Kc3 Kd7 52. Kd2 1/2-1/2

[Event "23rd European Teams"]
[Site "Terme Catez SLO"]
[Date "2021.11.16"]
[Round "5.4"]
[Board "2"]
[White "Ivic, Velimir"]
[Black "Van Foreest, Lucas"]
[Result "1/2-1/2"]
[WhiteTitle "GM"]
[BlackTitle "GM"]
[WhiteElo "2620"]
[BlackElo "2532"]
[WhiteTeam "Serbia"]
[BlackTeam "Netherlands"]
[WhiteFideId "950122"]
[BlackFideId "1039792"]
[EventDate "2021.11.12"]

1. e4 c5 2. Nf3 a6 3. c4 Nc6 4. d4 cxd4 5. Nxd4 Nf6 6. Nc3 e5 7. Nf5 d5 8. cxd5
Bxf5 9. exf5 Nd4 10. Bd3 Be7 11. O-O O-O 12. Re1 Nxd5 13. Nxd5 Qxd5 14. Qg4 Bf6
15. h4 Rac8 16. Be4 Qd7 17. Bh6 Kh8 18. Bg5 Qe7 19. Rad1 h6 20. Bxf6 Qxf6 21.
Qh5 Rcd8 22. Rd3 Kh7 23. Kh1 Rd6 24. Qg4 Kh8 25. Rc1 Rfd8 26. g3 Nb5 27. Rxd6
Nxd6 28. Kg2 Rd7 29. Rc5 Qe7 30. f6 gxf6 31. Bb1 Qe6 32. Qe2 Kg7 33. a4 b6 34.
Rc1 b5 35. Rd1 Nc4 36. axb5 Rxd1 37. Qxd1 axb5 38. b3 Nd6 39. Qc2 e4 40. b4 Qe5
41. Qc5 Kf8 42. Qe3 Kg7 43. Qc5 Qb2 44. Qxd6 Qxb1 45. Qc5 Qd3 46. Qh5 Qd7 47.
Qc5 Qe8 48. Qf5 Qc6 49. Kh2 Qc2 50. Qg4+ Kf8 51. Qf4 Ke7 52. h5 Qc4 53. Qxh6 Qe2
54. Kg1 Qd1+ 55. Kh2 Qe2 56. Kg1 1/2-1/2

[Event "23rd European Teams"]
[Site "Terme Catez SLO"]
[Date "2021.11.16"]
[Round "5.4"]
[Board "3"]
[White "Van Foreest, Jorden"]
[Black "Ivanisevic, Ivan"]
[Result "1-0"]
[WhiteTitle "GM"]
[BlackTitle "GM"]
[WhiteElo "2701"]
[BlackElo "2604"]
[WhiteTeam "Netherlands"]
[BlackTeam "Serbia"]
[WhiteFideId "1039784"]
[BlackFideId "912417"]
[EventDate "2021.11.12"]

1. e4 e5 2. Nf3 Nc6 3. Bc4 Nf6 4. d3 Be7 5. O-O O-O 6. Nc3 d6 7. a4 a5 8. Re1
Nb4 9. Ne2 Bg4 10. Ng3 c6 11. c3 d5 12. exd5 Bxf3 13. gxf3 cxd5 14. Bb5 Nc6 15.
f4 exf4 16. Bxf4 Bd6 17. Qf3 Bxf4 18. Qxf4 Ne7 19. Qd4 Ng6 20. Re3 Qc7 21. Rae1
Rad8 22. Nf5 Kh8 23. Kh1 Qc8 24. Rf3 Nh5 25. Qg4 Nf6 26. Qg5 h6 27. Nxh6 Nh7 28.
Qh5 gxh6 29. Qxh6 Rde8 30. Bxe8 Rxe8 31. Rg1 Re7 32. Rh3 Qg8 33. f4 d4 34. f5
Re2 35. fxg6 fxg6 36. Qf4 Qd5+ 37. Qf3 Qxf3+ 38. Rxf3 Rxb2 39. Rxg6 dxc3 40.
Rfg3 Nf8 41. Rg8+ Kh7 42. Rxf8 1-0

[Event "23rd European Teams"]
[Site "Terme Catez SLO"]
[Date "2021.11.16"]
[Round "5.4"]
[Board "4"]
[White "Markus, Robert"]
[Black "Warmerdam, Max"]
[Result "1/2-1/2"]
[WhiteTitle "GM"]
[BlackTitle "GM"]
[WhiteElo "2609"]
[BlackElo "2608"]
[WhiteTeam "Serbia"]
[BlackTeam "Netherlands"]
[WhiteFideId "921637"]
[BlackFideId "1048104"]
[EventDate "2021.11.12"]

1. Nf3 Nf6 2. g3 c5 3. Bg2 g6 4. O-O Bg7 5. d3 d5 6. Nbd2 Nc6 7. e4 O-O 8. Re1
e5 9. exd5 Nxd5 10. Nc4 f6 11. Nfd2 Be6 12. Ne4 Qe7 13. c3 Rfd8 14. Qe2 Bf7 15.
a4 h6 16. g4 Rd7 17. a5 Rad8 18. Ng3 Qf8 19. Be4 Nce7 20. Ra4 Kh8 21. Bg2 Nc6
22. Be4 Nce7 23. Bg2 Nc6 24. Be4 Nce7 1/2-1/2

[Event "23rd European Teams"]
[Site "Terme Catez SLO"]
[Date "2021.11.16"]
[Round "5.5"]
[Board "1"]
[White "Jobava, Baadur"]
[Black "Korobov, Anton"]
[Result "1/2-1/2"]
[WhiteTitle "GM"]
[BlackTitle "GM"]
[WhiteElo "2582"]
[BlackElo "2684"]
[WhiteTeam "Georgia"]
[BlackTeam "Ukraine"]
[WhiteFideId "13601520"]
[BlackFideId "14105730"]
[EventDate "2021.11.12"]

1. e4 c5 2. Nf3 d6 3. Bb5+ Nd7 4. c3 Nf6 5. Bd3 b6 6. O-O Bb7 7. Qe2 Qc7 8. Bc2
Rc8 9. d3 e6 10. a4 Be7 11. Na3 a6 12. d4 cxd4 13. cxd4 d5 14. e5 Bxa3 15. Bd3
Be7 16. exf6 Nxf6 17. Ne5 Qd6 18. Bxa6 Bxa6 19. Qxa6 O-O 20. Qb5 Ra8 21. Bf4 Ra5
22. Qe2 Rfa8 23. Rfc1 b5 24. Nxf7 Qxf4 25. Qxe6 Ne4 26. Ne5+ Kh8 27. Rc2 Qf6 28.
Qxd5 Nd6 29. b4 R5a6 30. a5 h6 31. Re1 Kh7 32. g3 Qf5 33. Rc3 Bg5 34. Kg2 Bd2
35. Rf3 Qc2 36. Re2 Qd1 37. Re4 Nxe4 38. Qxe4+ Kh8 39. d5 Bxb4 40. d6 Bxd6 41.
Nf7+ Kg8 42. Nxh6+ gxh6 43. Qg6+ Kh8 44. Qxh6+ Kg8 45. Qe6+ Kh8 46. Qh6+ Kg8 47.
Qg6+ Kh8 48. Rf5 Bf8 49. Rh5+ Qxh5 50. Qxh5+ Kg8 51. Qxb5 Rxa5 52. Qc4+ Kh8 53.
h4 Bg7 54. f4 Ra3 55. Qc5 Rd3 56. Kh3 Raa3 57. Qh5+ Kg8 58. Qe8+ 1/2-1/2

[Event "23rd European Teams"]
[Site "Terme Catez SLO"]
[Date "2021.11.16"]
[Round "5.5"]
[Board "3"]
[White "Paichadze, Luka"]
[Black "Kuzubov, Yuriy"]
[Result "1/2-1/2"]
[WhiteTitle "GM"]
[BlackTitle "GM"]
[WhiteElo "2551"]
[BlackElo "2637"]
[WhiteTeam "Georgia"]
[BlackTeam "Ukraine"]
[WhiteFideId "13602934"]
[BlackFideId "14112906"]
[EventDate "2021.11.12"]

1. e4 e5 2. Nc3 Nc6 3. Bc4 Nf6 4. d3 Na5 5. a3 Nxc4 6. dxc4 d6 7. Nge2 Be6 8.
Qd3 Nd7 9. b3 Be7 10. Ng3 g6 11. Bh6 Bg5 12. Bxg5 Qxg5 13. h4 Qe7 14. h5 Nc5 15.
Qd2 O-O-O 16. Nd5 Bxd5 17. cxd5 Rdf8 18. O-O-O Rhg8 19. hxg6 hxg6 20. Rh7 Nd7
21. Rdh1 Nf6 22. R7h4 Nd7 23. Rh7 Nf6 24. R7h4 Nd7 25. Rh7 Nf6 1/2-1/2

[Event "23rd European Teams"]
[Site "Terme Catez SLO"]
[Date "2021.11.16"]
[Round "5.5"]
[Board "4"]
[White "Shevchenko, Kirill"]
[Black "Pantsulaia, Levan"]
[Result "1/2-1/2"]
[WhiteTitle "GM"]
[BlackTitle "GM"]
[WhiteElo "2647"]
[BlackElo "2571"]
[WhiteTeam "Ukraine"]
[BlackTeam "Georgia"]
[WhiteFideId "14129574"]
[BlackFideId "13602071"]
[EventDate "2021.11.12"]

1. d4 Nf6 2. c4 c5 3. d5 e6 4. Nc3 exd5 5. cxd5 d6 6. e4 g6 7. f4 Bg7 8. Bb5+
Nfd7 9. a4 Na6 10. Nf3 Nb4 11. O-O a6 12. Be2 O-O 13. f5 Ne5 14. Bf4 Re8 15. Qd2
gxf5 16. Nxe5 Bxe5 17. Bxe5 Rxe5 18. Qh6 Qf8 19. Qg5+ Qg7 20. Qd8+ Qf8 21. Qg5+
Qg7 22. Qd8+ Qf8 23. Qg5+ 1/2-1/2

[Event "23rd European Teams"]
[Site "Terme Catez SLO"]
[Date "2021.11.16"]
[Round "5.6"]
[Board "1"]
[White "Donchenko, Alexander"]
[Black "Deac, Bogdan-Daniel"]
[Result "0-1"]
[WhiteTitle "GM"]
[BlackTitle "GM"]
[WhiteElo "2645"]
[BlackElo "2651"]
[WhiteTeam "Germany"]
[BlackTeam "Romania"]
[WhiteFideId "24603295"]
[BlackFideId "1226380"]
[EventDate "2021.11.12"]

1. d4 Nf6 2. c4 g6 3. Nf3 Bg7 4. e3 c5 5. d5 e6 6. Nc3 O-O 7. Bd3 d6 8. h3 exd5
9. cxd5 Na6 10. a4 Nb4 11. Bb1 Nd7 12. O-O f5 13. Qb3 Ne5 14. Nxe5 Bxe5 15. Ne2
a5 16. Bd2 b6 17. Bc3 Ba6 18. Re1 Qh4 19. Qd1 Rae8 20. Qd2 g5 21. Ra3 Bc4 22.
Rc1 Bxe2 23. Qxe2 f4 24. Bxe5 Rxe5 25. Rc4 Nxd5 26. Qd3 Qh6 27. Re4 Nb4 28. Qb3+
Kg7 29. Rxe5 dxe5 30. Be4 Rd8 31. Ra1 Qf6 32. Qc3 h5 33. Re1 g4 34. hxg4 hxg4
35. exf4 exf4 36. Bf5 Qxc3 37. bxc3 Na2 38. c4 g3 39. Bg4 Rd4 40. Rb1 Rxc4 41.
Be6 Rc1+ 42. Rxc1 Nxc1 43. Bc4 Kf6 0-1

[Event "23rd European Teams"]
[Site "Terme Catez SLO"]
[Date "2021.11.16"]
[Round "5.6"]
[Board "2"]
[White "Parligras, Mircea-Emilian"]
[Black "Keymer, Vincent"]
[Result "1/2-1/2"]
[WhiteTitle "GM"]
[BlackTitle "GM"]
[WhiteElo "2576"]
[BlackElo "2639"]
[WhiteTeam "Romania"]
[BlackTeam "Germany"]
[WhiteFideId "1204297"]
[BlackFideId "12940690"]
[EventDate "2021.11.12"]

1. d4 Nf6 2. c4 e6 3. Nf3 d5 4. Nc3 c5 5. cxd5 Nxd5 6. e4 Nxc3 7. bxc3 cxd4 8.
cxd4 Bb4+ 9. Bd2 Bxd2+ 10. Qxd2 O-O 11. Bc4 Nd7 12. O-O b6 13. Rad1 Bb7 14. Rfe1
Rc8 15. Bb3 h6 16. h3 Nf6 17. Qf4 Qc7 18. Qxc7 Rxc7 19. d5 exd5 20. exd5 Rd7 21.
Ne5 Rd6 22. Nc4 Rxd5 23. Ne5 Ra5 24. Nd7 Nxd7 25. Rxd7 Bc6 26. Rc7 Bd5 27. Bxd5
Rxd5 28. Rxa7 Rc8 29. a4 Rf5 30. Rae7 Rc2 31. Re8+ Kh7 32. R8e2 Rxe2 33. Rxe2
Rf4 34. Rb2 Rxa4 35. Rxb6 1/2-1/2

[Event "23rd European Teams"]
[Site "Terme Catez SLO"]
[Date "2021.11.16"]
[Round "5.6"]
[Board "3"]
[White "Bluebaum, Matthias"]
[Black "Jianu, Vlad-Cristian"]
[Result "1/2-1/2"]
[WhiteTitle "GM"]
[BlackTitle "GM"]
[WhiteElo "2647"]
[BlackElo "2522"]
[WhiteTeam "Germany"]
[BlackTeam "Romania"]
[WhiteFideId "24651516"]
[BlackFideId "1208110"]
[EventDate "2021.11.12"]

1. c4 e6 2. g3 d5 3. Bg2 Nf6 4. Nf3 Be7 5. d4 O-O 6. Nc3 dxc4 7. Ne5 c5 8. dxc5
Qxd1+ 9. Nxd1 Bxc5 10. Ne3 Nc6 11. Nxc6 bxc6 12. Nxc4 Ba6 13. Ne5 Nd5 14. Bd2
Rfc8 15. Rb1 Bd6 16. f4 Rab8 17. Kf2 f6 18. Nf3 Bc5+ 19. e3 Bb4 20. Rbd1 Kf7 21.
Bf1 Bxf1 22. Rhxf1 c5 23. e4 Nb6 24. Rc1 a5 25. Rc2 c4 26. Rfc1 Na4 27. Rxc4
Rxc4 28. Rxc4 Nxb2 29. Rc7+ Kf8 30. Ke2 Bxd2 31. Nxd2 Na4 32. Nb3 Rb5 33. Kd3 e5
34. f5 h5 35. Rc8+ Kf7 36. h3 Rb4 37. Rc7+ Kg8 38. Nxa5 Rd4+ 39. Ke3 Nb2 40. Rc2
Rd3+ 41. Kf2 Na4 42. Nb7 h4 43. Rc8+ Kh7 44. gxh4 Rxh3 45. Nd6 Ra3 46. Nf7 g6
47. Rc7 gxf5 48. exf5 Nc3 49. Nxe5+ Kh6 50. Ng4+ Kh5 51. Nxf6+ Kxh4 52. Rf7 Kg5
53. Nh7+ Kf4 54. f6 Rxa2+ 55. Ke1 Ra1+ 56. Kd2 Ne4+ 57. Kc2 Kf5 58. Rc7 Nxf6 59.
Rf7 Ra6 60. Rxf6+ Ke5 1/2-1/2

[Event "23rd European Teams"]
[Site "Terme Catez SLO"]
[Date "2021.11.16"]
[Round "5.6"]
[Board "4"]
[White "Gavrilescu, David"]
[Black "Svane, Rasmus"]
[Result "1/2-1/2"]
[WhiteTitle "IM"]
[BlackTitle "GM"]
[WhiteElo "2514"]
[BlackElo "2628"]
[WhiteTeam "Romania"]
[BlackTeam "Germany"]
[WhiteFideId "1227190"]
[BlackFideId "4657101"]
[EventDate "2021.11.12"]

1. e4 c6 2. Nf3 d5 3. Nc3 Bg4 4. h3 Bxf3 5. Qxf3 e6 6. Be2 Bc5 7. O-O Nd7 8. Na4
Bd4 9. c3 Bf6 10. d4 Qa5 11. Nc5 Nxc5 12. b4 dxe4 13. Qe3 Qa4 14. bxc5 Ne7 15.
Qxe4 O-O 16. Rb1 b5 17. cxb6 axb6 18. Bd3 g6 19. Qf3 Bg7 20. Bg5 Nd5 21. c4 Nc3
22. Rxb6 Bxd4 23. Rxc6 Nxa2 24. Bh6 Bg7 25. Bxg7 Kxg7 26. Ra1 Qa5 27. Bf1 Qe5
28. Rd1 Rfd8 29. Rxd8 Rxd8 30. Ra6 Nb4 31. Ra7 Qf6 32. Qxf6+ Kxf6 33. g3 Rd2 34.
c5 Nc6 35. Rc7 Nd4 36. Kg2 Rc2 1/2-1/2

[Event "23rd European Teams"]
[Site "Terme Catez SLO"]
[Date "2021.11.16"]
[Round "5.7"]
[Board "1"]
[White "Wojtaszek, Radoslaw"]
[Black "Christiansen, Johan-Sebastian"]
[Result "1/2-1/2"]
[WhiteTitle "GM"]
[BlackTitle "GM"]
[WhiteElo "2700"]
[BlackElo "2582"]
[WhiteTeam "Poland"]
[BlackTeam "Norway"]
[WhiteFideId "1118358"]
[BlackFideId "1512668"]
[EventDate "2021.11.12"]

1. d4 d5 2. c4 dxc4 3. e3 e5 4. Bxc4 exd4 5. exd4 Bd6 6. Nf3 Nf6 7. Qe2+ Qe7 8.
Qxe7+ Bxe7 9. Nc3 c6 10. O-O Nbd7 11. Re1 Nb6 12. Bb3 Nfd5 13. Bd2 Be6 14. Ne4
O-O 15. Nc5 Bxc5 16. dxc5 Nd7 17. Rac1 Nc7 18. Nd4 Rfe8 19. Nxe6 Nxe6 20. Bxe6
Rxe6 21. Rxe6 fxe6 22. Be3 Nf6 23. Kf1 Rd8 24. Ke2 Kf7 25. Rc4 e5 26. f3 Ke6 27.
Ra4 a6 28. g3 Rd7 29. Rc4 Rd5 30. Rb4 Rd7 31. Rc4 Rd5 1/2-1/2

[Event "23rd European Teams"]
[Site "Terme Catez SLO"]
[Date "2021.11.16"]
[Round "5.7"]
[Board "2"]
[White "Urkedal, Frode Olav Olsen"]
[Black "Piorun, Kacper"]
[Result "1/2-1/2"]
[WhiteTitle "GM"]
[BlackTitle "GM"]
[WhiteElo "2569"]
[BlackElo "2634"]
[WhiteTeam "Norway"]
[BlackTeam "Poland"]
[WhiteFideId "1506102"]
[BlackFideId "1130420"]
[EventDate "2021.11.12"]

1. d4 e6 2. c4 b6 3. Nf3 Bb7 4. g3 Bb4+ 5. Bd2 Bxf3 6. exf3 Bxd2+ 7. Qxd2 d5 8.
Nc3 Ne7 9. f4 O-O 10. Bg2 c6 11. b3 Nd7 12. O-O Nf6 13. Rfd1 Nf5 14. Rac1 Qe7
15. Ne2 h5 16. c5 Rfc8 17. Rc2 g6 18. Rdc1 Qb7 19. h3 Kg7 20. Qd3 Rc7 21. Kh1 a5
22. Qc3 Kg8 23. Ng1 a4 24. b4 a3 25. Nf3 Ne4 26. Qe1 bxc5 27. dxc5 Rb8 28. Rb1
Qa6 29. Ne5 Nf6 30. Qc3 Rcb7 31. Rb3 Ne4 32. Rxa3 Qb5 33. Qe1 Qxb4 34. Qxb4 Rxb4
35. Nxc6 Rb1+ 36. Kh2 Rc8 37. Ra6 Kg7 38. Rb6 Ra1 39. Na7 Ra8 40. Nb5 R8xa2 41.
Rxa2 Rxa2 42. Bxe4 dxe4 43. Kg1 e3 44. fxe3 Nxe3 45. c6 Rg2+ 46. Kh1 Rf2 1/2-1/2

[Event "23rd European Teams"]
[Site "Terme Catez SLO"]
[Date "2021.11.16"]
[Round "5.7"]
[Board "3"]
[White "Moranda, Wojciech"]
[Black "Hauge, Lars Oskar"]
[Result "1/2-1/2"]
[WhiteTitle "GM"]
[BlackTitle "IM"]
[WhiteElo "2623"]
[BlackElo "2490"]
[WhiteTeam "Poland"]
[BlackTeam "Norway"]
[WhiteFideId "1122401"]
[BlackFideId "1509276"]
[EventDate "2021.11.12"]

1. e4 e5 2. Nf3 Nc6 3. Bb5 Nf6 4. O-O Nxe4 5. Re1 Nd6 6. a4 Be7 7. Nc3 O-O 8. d4
e4 9. Nxe4 Nxe4 10. Rxe4 d5 11. Re1 Bd6 12. Ne5 Ne7 13. Bf1 Bf5 14. a5 a6 15.
Nd3 Ng6 16. Nc5 Rb8 17. b4 Qf6 18. c3 Nh4 19. Qh5 h6 20. g3 Ng6 21. Qf3 Ne7 22.
Bg2 Qg6 23. Bf4 Rfe8 24. h3 Bxc5 25. bxc5 Be4 26. Qg4 Qc6 27. Bf1 Ng6 28. Bd2
Re7 29. f3 Bc2 30. Rxe7 Nxe7 31. Re1 Re8 32. Qf4 g5 33. Qe3 f6 34. c4 Bg6 35.
cxd5 Nxd5 36. Qb3 Rxe1 37. Bxe1 1/2-1/2

[Event "23rd European Teams"]
[Site "Terme Catez SLO"]
[Date "2021.11.16"]
[Round "5.7"]
[Board "4"]
[White "Notkevich, Benjamin Arvola"]
[Black "Teclaf, Pawel"]
[Result "1/2-1/2"]
[WhiteTitle "GM"]
[BlackTitle "IM"]
[WhiteElo "2471"]
[BlackElo "2543"]
[WhiteTeam "Norway"]
[BlackTeam "Poland"]
[WhiteFideId "1506536"]
[BlackFideId "1185934"]
[EventDate "2021.11.12"]

1. d4 d5 2. c4 dxc4 3. e4 c5 4. d5 Nf6 5. Nc3 e6 6. Bxc4 exd5 7. Nxd5 Be6 8. Bg5
Be7 9. Nxf6+ Bxf6 10. Qxd8+ Bxd8 11. Bxe6 fxe6 12. Bxd8 Kxd8 13. Nf3 Nc6 14. Ke2
Ke7 15. Ke3 Rhd8 16. Rhd1 Rac8 17. Rac1 b6 18. Rxd8 Rxd8 19. a3 a5 20. h4 Kf6
21. g4 e5 22. g5+ Ke6 23. a4 Nb4 24. Rc3 Rd1 25. Nd2 Re1+ 26. Kf3 Nc6 27. Nc4
Nd4+ 28. Kg2 Rxe4 29. Nxb6 Rxh4 30. Rxc5 Nb3 31. Rb5 Nd2 32. f3 e4 33. fxe4 Rxe4
34. Rxa5 Rb4 35. Nd5 Rxb2 36. Nf4+ Kd6 37. Ra6+ Kc7 38. Ne6+ Kb7 39. Nc5+ Kb8
40. Kh3 Rc2 41. Rc6 Rc4 42. a5 Ka7 43. Ra6+ Kb8 44. Rb6+ Ka7 45. Rb5 Nf3 46. Ne6
Nd4 47. Nxd4 Rxd4 48. Re5 Rd7 49. Re6 g6 50. Kg4 Rd1 51. Kf4 Rh1 52. Ke5 h6 53.
Rxg6 hxg5 54. Rxg5 1/2-1/2

[Event "23rd European Teams"]
[Site "Terme Catez SLO"]
[Date "2021.11.16"]
[Round "5.8"]
[Board "1"]
[White "Pechac, Jergus"]
[Black "Adams, Michael"]
[Result "1/2-1/2"]
[WhiteTitle "GM"]
[BlackTitle "GM"]
[WhiteElo "2562"]
[BlackElo "2714"]
[WhiteTeam "Slovakia"]
[BlackTeam "England"]
[WhiteFideId "14926970"]
[BlackFideId "400041"]
[EventDate "2021.11.12"]

1. d4 Nf6 2. c4 e6 3. Nc3 d5 4. Bg5 Be7 5. e3 h6 6. Bh4 O-O 7. Nf3 b6 8. Be2 Bb7
9. Bxf6 Bxf6 10. cxd5 exd5 11. b4 c6 12. O-O Qd6 13. Rb1 Nd7 14. a4 a5 15. bxa5
Rxa5 16. Re1 Re8 17. Qc2 c5 18. Bb5 Rd8 19. Red1 Bc6 20. h4 Nf8 21. Qb3 cxd4 22.
Nxd4 Bxd4 23. Rxd4 Ne6 24. Rd2 Qc5 25. Rbd1 Bxb5 26. Nxb5 Qc6 27. Nc3 Nc5 28.
Qa2 Nxa4 29. Nxd5 Re8 30. Qb3 Rc5 31. Qb4 b5 32. Rd4 Nc3 1/2-1/2

[Event "23rd European Teams"]
[Site "Terme Catez SLO"]
[Date "2021.11.16"]
[Round "5.8"]
[Board "2"]
[White "McShane, Luke J"]
[Black "Druska, Juraj"]
[Result "1/2-1/2"]
[WhiteTitle "GM"]
[BlackTitle "IM"]
[WhiteElo "2667"]
[BlackElo "2508"]
[WhiteTeam "England"]
[BlackTeam "Slovakia"]
[WhiteFideId "404853"]
[BlackFideId "14915650"]
[EventDate "2021.11.12"]

1. e4 c5 2. Nf3 e6 3. d4 cxd4 4. Nxd4 a6 5. c4 Nf6 6. Nc3 Bb4 7. Qd3 d6 8. Nc2
Bxc3+ 9. Qxc3 O-O 10. Bd3 d5 11. exd5 exd5 12. O-O dxc4 13. Bxc4 Nc6 14. b3 Ne4
15. Qf3 Nd2 16. Bxd2 Qxd2 17. Ne3 Ne5 18. Qg3 Nxc4 19. Nxc4 Qb4 20. Rad1 Be6 21.
Nd6 Rad8 22. Rd3 Rd7 23. Rfd1 Rfd8 24. h3 b6 25. Rd4 Qc5 26. b4 Qh5 27. a3 Qg6
28. Qh4 h6 29. R1d3 Qg5 30. Qe4 Bxh3 31. f4 Qf6 32. gxh3 Rxd6 33. Rxd6 Rxd6 34.
Rxd6 Qxd6 35. Qa8+ Kh7 36. Qxa6 Qxf4 37. Qxb6 Qg3+ 38. Kf1 Qxh3+ 39. Ke2 Qxa3
40. b5 Qb2+ 41. Kd3 h5 42. Qc6 f5 43. b6 h4 44. b7 h3 45. Qe8 Qb3+ 46. Kd2 Qd5+
47. Kc3 Qc5+ 48. Kd3 Qd6+ 49. Kc4 Qc7+ 50. Kd3 Qg3+ 51. Kc2 Qf2+ 52. Kc3 Qc5+
53. Kd3 Qa3+ 54. Kc2 Qa2+ 55. Kc3 Qa1+ 56. Kc2 Qa2+ 57. Kc3 Qa5+ 58. Kc2 Qc7+
59. Kd3 Qd6+ 60. Kc4 Qa6+ 61. Kc5 Qa3+ 62. Kc4 Qc1+ 63. Kd3 Qd1+ 64. Kc3 Qf3+
65. Kc2 Qf2+ 66. Kd3 Qg3+ 67. Kc2 Qc7+ 1/2-1/2

[Event "23rd European Teams"]
[Site "Terme Catez SLO"]
[Date "2021.11.16"]
[Round "5.8"]
[Board "3"]
[White "Petenyi, Tamas"]
[Black "Howell, David W L"]
[Result "1/2-1/2"]
[WhiteTitle "IM"]
[BlackTitle "GM"]
[WhiteElo "2458"]
[BlackElo "2648"]
[WhiteTeam "Slovakia"]
[BlackTeam "England"]
[WhiteFideId "14909090"]
[BlackFideId "410608"]
[EventDate "2021.11.12"]

1. e4 c6 2. d4 d5 3. e5 Bf5 4. Nd2 e6 5. Nb3 Nd7 6. Nf3 h6 7. Be2 a5 8. Bd2 a4
9. Nc1 c5 10. Bb5 Ne7 11. O-O Nc6 12. c4 dxc4 13. Bc3 Nb6 14. Ne2 Be4 15. Nf4
Be7 16. Qe2 Bxf3 17. Qxf3 cxd4 18. Rad1 d3 19. Bxc6+ bxc6 20. Qxc6+ Kf8 21. Rfe1
Rc8 22. Qf3 Kg8 23. b3 axb3 24. axb3 Nd5 25. Nxd5 exd5 26. bxc4 dxc4 27. e6 f6
28. h4 Kh7 29. Qe4+ g6 30. h5 Rg8 31. Rb1 Qe8 32. Rb7 Rg7 33. g3 Rc5 34. Ra1
Rxh5 35. Qxc4 Rc5 36. Qxd3 Qc6 37. Rxe7 Rxe7 38. Bxf6 Rh5 39. f3 Qxe6 40. Bxe7
Qb6+ 41. Bc5 Qxc5+ 42. Kg2 Rd5 43. Ra7+ Qxa7 44. Qxd5 h5 45. g4 hxg4 46. fxg4
Qe3 47. g5 Qe7 48. Kf3 Kg7 49. Qd4+ Kf7 50. Qf6+ Qxf6+ 51. gxf6 Ke6 52. Kg4 Kxf6
53. Kf4 g5+ 54. Kg4 Kg6 55. Kg3 Kh5 56. Kh3 g4+ 57. Kg3 Kg5 58. Kg2 Kf4 59. Kf2
g3+ 60. Kg2 Kg4 61. Kg1 Kf4 62. Kg2 Kg4 63. Kg1 Kf3 64. Kf1 g2+ 65. Kg1 Kg3 1/2-1/2

[Event "23rd European Teams"]
[Site "Terme Catez SLO"]
[Date "2021.11.16"]
[Round "5.8"]
[Board "4"]
[White "Haria, Ravi"]
[Black "Sahidi, Samir"]
[Result "1/2-1/2"]
[WhiteTitle "IM"]
[BlackTitle "IM"]
[WhiteElo "2497"]
[BlackElo "2432"]
[WhiteTeam "England"]
[BlackTeam "Slovakia"]
[WhiteFideId "415820"]
[BlackFideId "14936372"]
[EventDate "2021.11.12"]

1. Nf3 d5 2. g3 Nf6 3. Bg2 e6 4. O-O Be7 5. c4 O-O 6. d4 dxc4 7. Qc2 a6 8. a4
Bd7 9. Qxc4 Bc6 10. Bg5 Bd5 11. Qc2 Be4 12. Qd1 h6 13. Bxf6 Bxf6 14. Nc3 Bxf3
15. Bxf3 c6 16. Qb3 Qc7 17. Rfd1 Rd8 18. Ne4 Be7 19. a5 Nd7 20. Nd2 Rab8 21. Nc4
g6 22. Rac1 Bf8 23. Kg2 Nf6 24. e4 Qe7 25. Rd3 Ne8 26. h4 h5 27. e5 Nc7 28. Rcd1
Nb5 29. Qc2 Bh6 30. Be4 Kg7 31. Qb3 Rh8 32. Nb6 Rbd8 33. Qc4 Kh7 34. Na4 Bf8 35.
Nc5 Qc7 36. b4 Bxc5 37. dxc5 Rxd3 38. Rxd3 Rd8 39. f4 Rxd3 40. Qxd3 Kg7 41. Kf3
Qe7 42. Ke3 Kf8 43. Kf3 Ke8 44. Ke3 Qd7 45. Qxd7+ Kxd7 46. Kd3 Nc7 47. Kc4 Nd5
48. Bd3 Ke7 49. Kb3 Kf8 50. Kc4 Kg7 51. Kb3 f6 52. exf6+ Nxf6 53. Kc4 Nd5 54.
Be4 Kf7 55. Kb3 Nf6 56. Bd3 Ne8 57. Kc4 Kf6 58. Be4 Nc7 59. Bd3 Nd5 60. Be4 Ne7
61. Kd3 e5 62. fxe5+ Kxe5 63. Ke3 Nf5+ 64. Bxf5 Kxf5 65. Kf3 g5 66. hxg5 Kxg5
67. Ke3 Kf5 68. Kf3 Ke5 69. Ke3 Kf5 70. Kf3 Ke5 71. Ke3 Kf5 72. Kf3 Ke5 1/2-1/2